00681nam a2200181Ia 4500003000400000008004100004020001500045040001600060082001900076100001900095245012800114260006600242300002000308490002700328650004100355650003500396650006800431GCL140319s9999 xx 000 0 eng d a1878379208 aGCL / cGCL04a291.56242bS R1 aSMOCK, DAVID R10aRELIGIOUS PERSPECTIVES ON WAR : bCHRISTIAN, MUSLIM AND JEWISH ATTITUDES TOWARD FORCE AFTER THE GULF WAR / cSMOCK, DAVID R aنيويورك : bUNITED STATES INSTITUTE OF PEACE ، c1992 a24 CM ؛ c63 P aPERSPECTIVES SERIESv004aWAR - RELIGIOUS ASPECTS - CONGRESSES04aJUST WAR DOCTRINE - CONGRESSES04aPERSIAN GULF WAR, 1991 - MORAL AND ETHICAL ASPECTS - CONGRESSES